Spell the Marvel Character #218 - Statistics

General Stats
  • This quiz has been taken 11 times
  • The average score is 14 of 16
Answer Stats
Picture Answer % Correct
Emma Frost
100%
Invisible Woman
100%
Nova
100%
Scarlet Witch
100%
Thing
100%
Vision
100%
Abigail Brand
89%
Agent Venom
89%
Captain Universe
89%
Elsa Bloodstone
89%
Ironheart
89%
Namora
89%
Phastos
89%
Ursa Major
89%
Crystal
67%
Risque
44%
No matching quizzes found
Score Distribution
Percent of People with Each Score
Percentile by Number Answered
Your Score History
You have not taken this quiz